| 000 | 00697nam a2200217 a 4500 | ||
|---|---|---|---|
| 999 |
_c5926 _d5926 |
||
| 001 | 5926 | ||
| 003 | BD-JhCC | ||
| 005 | 20171230190733.0 | ||
| 008 | 171230s1977 bg ||||| |||| 00| 0 ben d | ||
| 035 | _a(BD-JhCC)5926 | ||
| 040 |
_aBD-JhCC _dBD-JhCC |
||
| 041 | _aben | ||
| 082 |
_a630 _bALI 1977 |
||
| 100 | _aআলী, মোহাম্মদ মোস্তফা | ||
| 245 |
_aচলো কৃষি শিখি দেশ গড়ি / _c মোহাম্মদ মোস্তফা আলী |
||
| 260 |
_aঢাকা : _bমুক্তধারা প্রকাশনী, _c1977. |
||
| 300 |
_a149 p. : _c21 cm. |
||
| 650 | _aAgriculture | ||
| 942 |
_2ddc _cBK |
||